|
|
|
|
| LEADER |
00000naa a2200000 ar4500 |
| 001 |
vtls008992641 |
| 003 |
SK-MaSNL |
| 005 |
20260302100434.0 |
| 008 |
070525c2003 xo |||| ||| 000 b|slo |
| 015 |
|
|
|a SNBRA2007/05
|2 snkbucl
|
| 038 |
|
|
|a SNKBUCL
|
| 040 |
|
|
|a SNKBUCL
|b slo
|c SNKBUCL
|e AACR2
|
| 041 |
0 |
|
|a slo
|
| 044 |
|
|
|a xo
|c SK
|
| 080 |
|
|
|a 82.09
|2 2001
|
| 080 |
|
|
|a 82.0:82-1/-9
|2 2001
|
| 080 |
|
|
|a 82.09:821.162.4-1
|2 2001
|
| 080 |
|
|
|a 821.162.4-1.09
|2 2001
|
| 080 |
|
|
|a 82.0:801.6
|2 2001
|
| 080 |
|
|
|a 82.033
|2 2001
|
| 100 |
1 |
|
|a Matejov, Fedor,
|d 1954-
|4 aut
|9 102415
|
| 245 |
1 |
0 |
|a Lyrika ako "paradigma" lektúry
|c Fedor Matejov
|
| 500 |
|
|
|a Datované (2000)
|
| 504 |
|
|
|a Bibliogr. odkazy
|
| 650 |
0 |
7 |
|a poézia
|x literárnokritická reflexia
|2 snkbucl
|9 771120
|
| 650 |
0 |
7 |
|a poézia
|x interpretácie
|2 snkbucl
|9 771121
|
| 773 |
0 |
|
|t Hľadanie zmyslu : dielo literárneho vedca, kritika a historika kultúry Milana Hamadu a hodnotové kritériá
|d Bratislava : Literárna nadácia Studňa, 2003
|g S. 87-101
|z 8096849379
|
| 852 |
|
|
|a SNK
|b KIS3GCP
|
| 958 |
|
|
|a LX
|
| 958 |
|
|
|a SK
|
| 958 |
|
|
|a NB
|
| 999 |
|
|
|c 1220105
|d 1222035
|